Statistics for Name a Pokémon of Every Type Combo - Gen IV

Click here to take the quiz!

General Stats

  • This quiz has been taken 18 times
  • The average score is 52 of 57

Answer Stats

Type Combo# of PokémonAnswer% Correct
Single-type PokémonNormal12Bidoof | Ambipom | Buneary | Lopunny | Glameow | Purugly | Happiny | Munchlax | Lickilicky | Porygon-Z | Regigigas | Arceus
100%
Single-type PokémonFire2Chimchar | Magmortar
100%
Dual-type PokémonPoison/Fighting2Croagunk | Toxicroak
100%
Dual-type PokémonSteel/Dragon1Dialga
100%
Dual-type PokémonWater/Steel1Empoleon
100%
Dual-type PokémonIce/Ghost1Froslass
100%
Dual-type PokémonIce/Ground1Mamoswine
100%
Dual-type PokémonFire/Fighting2Monferno | Infernape
100%
Dual-type PokémonWater/Dragon1Palkia
100%
Single-type PokémonWater9Piplup | Prinplup | Buizel | Floatzel | Shellos | Finneon | Lumineon | Phione | Manaphy
100%
Single-type PokémonElectric5Shinx | Luxio | Luxray | Pachirisu | Electivire
100%
Dual-type PokémonGrass/Ice2Snover | Abomasnow
100%
Dual-type PokémonNormal/Flying4Starly | Staravia | Staraptor | Chatot
100%
Dual-type PokémonGrass/Ground1Torterra
100%
Single-type PokémonGrass8Turtwig | Grotle | Cherubi | Cherrim | Carnivine | Tangrowth | Leafeon | Shaymin (Land Forme)
100%
Dual-type PokémonSteel/Psychic2Bronzor | Bronzong
93%
Dual-type PokémonGrass/Poison2Budew | Roserade
93%
Single-type PokémonPsychic5Chingling | Uxie | Mesprit | Azelf | Cresselia
93%
Single-type PokémonRock3Cranidos | Rampardos | Bonsly
93%
Dual-type PokémonElectric/Flying1Fan Rotom
93%
Dual-type PokémonElectric/Ice1Frost Rotom
93%
Dual-type PokémonWater/Ground1Gastrodon
93%
Dual-type PokémonDragon/Ground3Gible | Gabite | Garchomp
93%
Dual-type PokémonGround/Flying1Gliscor
93%
Dual-type PokémonFire/Steel1Heatran
93%
Dual-type PokémonElectric/Fire1Heat Rotom
93%
Dual-type PokémonDark/Flying1Honchkrow
93%
Single-type PokémonBug3Kricketot | Kricketune | Burmy
93%
Dual-type PokémonFighting/Steel1Lucario
93%
Dual-type PokémonElectric/Steel1Magnezone
93%
Single-type PokémonGhost2Mismagius | Dusknoir
93%
Dual-type PokémonBug/Flying4Mothim | Combee | Vespiquen | Yanmega
93%
Dual-type PokémonElectric/Grass1Mow Rotom
93%
Single-type PokémonFighting1Riolu
93%
Dual-type PokémonElectric/Ghost1Rotom
93%
Dual-type PokémonFairy/Flying1Togekiss
93%
Dual-type PokémonDark/Ice1Weavile
93%
Dual-type PokémonBug/Ground1Wormadam (Sandy Cloak)
93%
Dual-type PokémonBug/Steel1Wormadam (Trash Cloak)
93%
Dual-type PokémonNormal/Water1Bibarel
86%
Single-type PokémonDark1Darkrai
86%
Dual-type PokémonGhost/Flying2Drifloon | Drifblim
86%
Dual-type PokémonGhost/Dragon1Giratina
86%
Dual-type PokémonWater/Flying1Mantyke
86%
Dual-type PokémonPsychic/Fairy1Mime Jr.
86%
Dual-type PokémonGround/Rock1Rhyperior
86%
Dual-type PokémonGrass/Flying1Shaymin (Sky Forme)
86%
Dual-type PokémonRock/Steel3Shieldon | Bastiodon | Probopass
86%
Dual-type PokémonPoison/Bug1Skorupi
86%
Dual-type PokémonGhost/Dark1Spiritomb
86%
Dual-type PokémonPoison/Dark3Stunky | Skuntank | Drapion
86%
Dual-type PokémonElectric/Water1Wash Rotom
86%
Dual-type PokémonBug/Grass1Wormadam (Plant Cloak)
86%
Dual-type PokémonPsychic/Fighting1Gallade
79%
Single-type PokémonIce1Glaceon
79%
Single-type PokémonGround2Hippopotas | Hippowdon
79%
Dual-type PokémonNormal/Fighting1Mega Lopunny
79%

Score Distribution

Percentile by Number Answered

Percent of People with Each Score

Your Score History

You have not taken this quiz